<?xml version="1.0" encoding="UTF-8"?>
<record
    xmlns:xsi="http://www.w3.org/2001/XMLSchema-instance"
    xsi:schemaLocation="http://www.loc.gov/MARC21/slim http://www.loc.gov/standards/marcxml/schema/MARC21slim.xsd"
    xmlns="http://www.loc.gov/MARC21/slim">

  <leader>02063nam0a22003131  4500</leader>
  <controlfield tag="001">v19\rc\1757770</controlfield>
  <controlfield tag="005">20260406094441.0</controlfield>
  <datafield tag="035" ind1=" " ind2=" ">
    <subfield code="a">(NLR Aleph) 005249165</subfield>
  </datafield>
  <datafield tag="090" ind1=" " ind2=" ">
    <subfield code="a">5785658</subfield>
    <subfield code="c">5785658</subfield>
  </datafield>
  <datafield tag="100" ind1=" " ind2=" ">
    <subfield code="a">20061204d1903    |||y0rusy50      ca</subfield>
  </datafield>
  <datafield tag="101" ind1="1" ind2=" ">
    <subfield code="a">rus</subfield>
    <subfield code="c">ger</subfield>
  </datafield>
  <datafield tag="102" ind1=" " ind2=" ">
    <subfield code="a">RU</subfield>
  </datafield>
  <datafield tag="105" ind1=" " ind2=" ">
    <subfield code="a">a   z   |||||</subfield>
  </datafield>
  <datafield tag="200" ind1="1" ind2=" ">
    <subfield code="a">&#x420;&#x430;&#x434;&#x438;&#x439; &#x438; &#x435;&#x433;&#x43E; &#x43B;&#x443;&#x447;&#x438;</subfield>
    <subfield code="e">Die radioactiven Stoffe nach dem gegenw&#xE4;rtigen Stande der wissenschaftlichen Erkenntnis</subfield>
    <subfield code="e">&#x421; &#x43F;&#x440;&#x438;&#x43B;. &#x441;&#x442;. &#x415;.&#x421;. &#x41B;&#x43E;&#x43D;&#x434;&#x43E;&#x43D;&#x430; "&#x41E; &#x444;&#x438;&#x437;&#x438;&#x43E;&#x43B;&#x43E;&#x433;&#x438;&#x447;&#x435;&#x441;&#x43A;&#x43E;&#x43C; &#x437;&#x43D;&#x430;&#x447;&#x435;&#x43D;&#x438;&#x438; &#x440;&#x430;&#x434;&#x438;&#x44F;"</subfield>
    <subfield code="f">&#x41A;. &#x413;&#x43E;&#x444;&#x43C;&#x430;&#x43D;, &#x43F;&#x440;&#x43E;&#x444;. &#x41C;&#x44E;&#x43D;&#x445;. &#x443;&#x43D;-&#x442;&#x430;</subfield>
    <subfield code="g">&#x41F;&#x435;&#x440;. &#x441; &#x43D;&#x435;&#x43C;., &#x441; &#x434;&#x43E;&#x431;., &#x438;&#x437;&#x43C;. &#x438; &#x432;&#x432;&#x435;&#x434;. &#x424;.&#x41D;. &#x418;&#x43D;&#x434;&#x438;&#x43A;&#x441;&#x43E;&#x43D;&#x430;, &#x43F;&#x43E;&#x434; &#x440;&#x435;&#x434;. &#x43F;&#x440;&#x43E;&#x444;. &#x418;.&#x418;. &#x411;&#x43E;&#x440;&#x433;&#x43C;&#x430;&#x43D;&#x430;</subfield>
  </datafield>
  <datafield tag="205" ind1=" " ind2=" ">
    <subfield code="a">2-&#x435; &#x440;&#x443;&#x441;. &#x438;&#x437;&#x434;., &#x438;&#x437;&#x43C;. &#x438; &#x437;&#x43D;&#x430;&#x447;&#x438;&#x442;. &#x434;&#x43E;&#x43F;.</subfield>
  </datafield>
  <datafield tag="210" ind1=" " ind2=" ">
    <subfield code="a">&#x421;&#x430;&#x43D;&#x43A;&#x442;-&#x41F;&#x435;&#x442;&#x435;&#x440;&#x431;&#x443;&#x440;&#x433;</subfield>
    <subfield code="c">&#x442;&#x438;&#x43F;. &#x41C;.&#x41C;. &#x421;&#x442;&#x430;&#x441;&#x44E;&#x43B;&#x435;&#x432;&#x438;&#x447;&#x430;</subfield>
    <subfield code="d">1903</subfield>
  </datafield>
  <datafield tag="215" ind1=" " ind2=" ">
    <subfield code="a">IV, 84 &#x441;., 6 &#x43B;. &#x438;&#x43B;.</subfield>
    <subfield code="c">&#x438;&#x43B;.</subfield>
    <subfield code="d">22</subfield>
  </datafield>
  <datafield tag="300" ind1=" " ind2=" ">
    <subfield code="a">&#x412; &#x43A;&#x43E;&#x43D;&#x446;&#x435; &#x43F;&#x440;&#x435;&#x434;&#x438;&#x441;&#x43B;.: &#x43F;&#x440;&#x43E;&#x444;. &#x434;-&#x440; &#x41A;&#x430;&#x440;&#x43B; &#x413;&#x43E;&#x444;&#x43C;&#x430;&#x43D;</subfield>
  </datafield>
  <datafield tag="454" ind1=" " ind2="0">
    <subfield code="1">2001#$aDie radioactiven Stoffe nach dem gegenw&#xE4;rtigen Stande der wissenschaftlichen Erkenntnis</subfield>
    <subfield code="t">Die radioactiven Stoffe nach dem gegenw&#xE4;rtigen Stande der wissenschaftlichen Erkenntnis</subfield>
  </datafield>
  <datafield tag="464" ind1=" " ind2="0">
    <subfield code="1">2001#$a&#x41E; &#x444;&#x438;&#x437;&#x438;&#x43E;&#x43B;&#x43E;&#x433;&#x438;&#x447;&#x435;&#x441;&#x43A;&#x43E;&#x43C; &#x437;&#x43D;&#x430;&#x447;&#x435;&#x43D;&#x438;&#x438; &#x440;&#x430;&#x434;&#x438;&#x44F;</subfield>
    <subfield code="1">700#1$3RU\NLR\AUTH\7771349$7ca$a&#x41B;&#x43E;&#x43D;&#x434;&#x43E;&#x43D;$b&#x415;. &#x421;.$f1869-1939$g&#x415;&#x444;&#x438;&#x43C; &#x421;&#x435;&#x43C;&#x435;&#x43D;&#x43E;&#x432;&#x438;&#x447;</subfield>
    <subfield code="t">&#x41E; &#x444;&#x438;&#x437;&#x438;&#x43E;&#x43B;&#x43E;&#x433;&#x438;&#x447;&#x435;&#x441;&#x43A;&#x43E;&#x43C; &#x437;&#x43D;&#x430;&#x447;&#x435;&#x43D;&#x438;&#x438; &#x440;&#x430;&#x434;&#x438;&#x44F;</subfield>
    <subfield code="a">&#x41B;&#x43E;&#x43D;&#x434;&#x43E;&#x43D;, &#x415;&#x444;&#x438;&#x43C; &#x421;&#x435;&#x43C;&#x435;&#x43D;&#x43E;&#x432;&#x438;&#x447; (1869-1939)</subfield>
  </datafield>
  <datafield tag="700" ind1=" " ind2="1">
    <subfield code="8">rus</subfield>
    <subfield code="7">ca</subfield>
    <subfield code="a">&#x413;&#x43E;&#x444;&#x43C;&#x430;&#x43D;</subfield>
    <subfield code="b">&#x41A;. &#x410;.</subfield>
    <subfield code="f">1870-1940</subfield>
    <subfield code="g">&#x41A;&#x430;&#x440;&#x43B; &#x410;&#x43D;&#x434;&#x440;&#x435;&#x430;&#x441;</subfield>
    <subfield code="3">RU\NLR\AUTH\7771649</subfield>
    <subfield code="9">54577</subfield>
  </datafield>
  <datafield tag="702" ind1=" " ind2="1">
    <subfield code="4">080</subfield>
    <subfield code="8">rus</subfield>
    <subfield code="7">ca</subfield>
    <subfield code="a">&#x418;&#x43D;&#x434;&#x440;&#x438;&#x43A;&#x441;&#x43E;&#x43D;</subfield>
    <subfield code="b">&#x424;. &#x41D;.</subfield>
    <subfield code="f">1872-</subfield>
    <subfield code="g">&#x424;&#x435;&#x434;&#x43E;&#x440; &#x41D;&#x438;&#x43A;&#x43E;&#x43B;&#x430;&#x435;&#x432;&#x438;&#x447;</subfield>
    <subfield code="3">RU\NLR\AUTH\7771342</subfield>
    <subfield code="9">54270</subfield>
  </datafield>
  <datafield tag="702" ind1=" " ind2="1">
    <subfield code="4">340</subfield>
    <subfield code="8">rus</subfield>
    <subfield code="7">ca</subfield>
    <subfield code="a">&#x411;&#x43E;&#x440;&#x433;&#x43C;&#x430;&#x43D;</subfield>
    <subfield code="b">&#x418;. &#x418;.</subfield>
    <subfield code="f">1849-1914</subfield>
    <subfield code="g">&#x418;&#x432;&#x430;&#x43D; &#x418;&#x432;&#x430;&#x43D;&#x43E;&#x432;&#x438;&#x447;</subfield>
    <subfield code="3">RU\NLR\AUTH\7768791</subfield>
    <subfield code="9">51719</subfield>
  </datafield>
  <datafield tag="801" ind1=" " ind2="2">
    <subfield code="a">RU</subfield>
    <subfield code="b">NLR</subfield>
    <subfield code="c">20081204</subfield>
    <subfield code="2">rusmarc</subfield>
  </datafield>
  <datafield tag="801" ind1=" " ind2="0">
    <subfield code="a">RU</subfield>
    <subfield code="b">NLR</subfield>
    <subfield code="c">20061204</subfield>
    <subfield code="g">psbo</subfield>
  </datafield>
  <datafield tag="801" ind1=" " ind2="1">
    <subfield code="a">RU</subfield>
    <subfield code="b">ProSoft-M</subfield>
    <subfield code="c">20061204</subfield>
    <subfield code="2">rusmarc</subfield>
  </datafield>
  <datafield tag="852" ind1=" " ind2=" ">
    <subfield code="a">NLR</subfield>
    <subfield code="j">38.61.3.38</subfield>
  </datafield>
  <datafield tag="942" ind1=" " ind2=" ">
    <subfield code="c">BOOK</subfield>
  </datafield>
  <datafield tag="980" ind1=" " ind2=" ">
    <subfield code="a">NB</subfield>
  </datafield>
  <datafield tag="995" ind1=" " ind2=" ">
    <subfield code="5">2013-10-26</subfield>
    <subfield code="b">NLR02</subfield>
    <subfield code="c">NLR02</subfield>
    <subfield code="e">RFS</subfield>
    <subfield code="f">5249165-10</subfield>
    <subfield code="k">38.61.3.38</subfield>
    <subfield code="o">0</subfield>
    <subfield code="r">BOOK</subfield>
    <subfield code="s">3861338_</subfield>
  </datafield>
</record>
